000 00412nab a2200145Ia 4500
003 ES-SlBCS
005 20210601132244.0
008 140529s2006 xxu||||| |||| 00| 0 ita d
041 _aita
100 1 _aSilli, Flavia
_9193389
245 0 0 _aFondamenti di logica della testimonianza
_c Flavia Silli
650 0 4 _aTestimonio
_9101569
773 0 _tAquinas
_gvol. 49, nº. 1, 2006, págs. 53-66
_wRev52
942 _cAR
999 _c576773
_d576773